[Event "Titled Tuesday intern op 10th Sep Late"]
[Site "Chess,com INT"]
[Date "2024.09.10"]
[Round "1"]
[White "Lima, Artur Tin Lun Dai"]
[Black "Goryachkina, Aleksandra"]
[Result "1/2-1/2"]
[WhiteElo "2003"]
[BlackElo "2533"]
[PlyCount "142"]
[EventDate "2024.09.10"]
[EventType "swiss (blitz)"]
[EventRounds "11"]
[EventCountry "USA"]
[SourceTitle "EXT 2025"]
[Source "ChessBase"]
[SourceDate "2024.10.14"]
[SourceVersion "1"]
[SourceVersionDate "2024.10.14"]
[SourceQuality "1"]

1. d4 Nf6 2. c4 e6 3. Nf3 d5 4. Nc3 Bb4 5. e3 0-0 6. Bd3 dxc4 7. Bxc4 c5 8. 0-0 Nc6 9. dxc5 Bxc5 10. Qe2 b6 11. a3 a5 12. e4 Bb7 13. Bg5 h6 14. Bh4 Be7 15. Rfd1 Nd7 16. Bg3 Qc8 17. Rac1 Nc5 18. Nb5 Rd8 19. Nd6 Bxd6 20. Bxd6 Ba6 21. Bxc5 bxc5 22. Rxd8+ Nxd8 23. Bxa6 Rxa6 24. Qb5 Qc6 25. Rxc5 Qxb5 26. Rxb5 Rc6 27. g3 Rc1+ 28. Kg2 Nc6 29. Rb6 Kf8 30. b4 axb4 31. axb4 f6 32. b5 Nd8 33. Rb8 Ke7 34. Nd4 Kd7 35. Ra8 g6 36. Ra7+ Kd6 37. Rg7 e5 38. Nc6 Nxc6 39. bxc6 g5 40. Rg6 Ke6 41. Rxh6 Rxc6 42. h4 gxh4 43. Rxh4 Rc3 44. Rh8 Kf7 45. Ra8 Kg6 46. f3 Rc2+ 47. Kh3 Kg5 48. Rg8+ Kh6 49. Kg4 Kh7 50. Ra8 Kg6 51. Rg8+ Kf7 52. Rb8 Kg6 53. Rb7 Ra2 54. Rc7 Rb2 55. Rc8 Ra2 56. Rg8+ Kf7 57. Rb8 Kg6 58. f4 exf4 59. gxf4 f5+ 60. exf5+ Kf6 61. Rb6+ Kf7 62. Rc6 Ra1 63. f6 Ra5 64. Rb6 Rc5 65. f5 Rc1 66. Kg5 Rg1+ 67. Kf4 Rf1+ 68. Ke5 Re1+ 69. Kf4 Rf1+ 70. Kg5 Rg1+ 71. Kf4 Rf1+ 1/2-1/2

[Event "Titled Tuesday intern op 23rd Jul Early"]
[Site "Chess.com INT"]
[Date "2024.07.23"]
[Round "4"]
[White "Lima, Artur Tin Lun Dai"]
[Black "Derjabin, Ilja"]
[Result "1/2-1/2"]
[WhiteElo "1968"]
[BlackElo "2314"]
[PlyCount "98"]
[EventDate "2024.07.23"]
[EventType "swiss (blitz)"]
[EventRounds "11"]
[EventCountry "USA"]
[SourceTitle "EXT 2025"]
[Source "ChessBase"]
[SourceDate "2024.10.14"]
[SourceVersion "1"]
[SourceVersionDate "2024.10.14"]
[SourceQuality "1"]

1. Nf3 c5 2. g3 d5 3. Bg2 Nc6 4. d4 c4 5. 0-0 Nf6 6. b3 cxb3 7. axb3 g6 8. c4 Bg7 9. Nc3 0-0 10. Re1 dxc4 11. bxc4 Bg4 12. Be3 Nh5 13. Qd3 Rc8 14. Rab1 Bf5 15. Qd2 Bxb1 16. Rxb1 Na5 17. c5 Nc4 18. Qd3 Nxe3 19. fxe3 Rb8 20. g4 Nf6 21. g5 Nh5 22. Ra1 a6 23. Rb1 e5 24. d5 f5 25. Qc4 e4 26. d6+ Kh8 27. Nd4 Qxg5 28. Ne6 Qxe3+ 29. Kh1 Qxc3 30. Qxc3 Bxc3 31. Nxf8 Rxf8 32. Rxb7 Be5 33. e3 Nf6 34. Bf1 Rd8 35. Bxa6 Bxd6 36. cxd6 Rxd6 37. Bf1 Rd1 38. Kg2 Ng4 39. Be2 Rd2 40. Kf1 Nxe3+ 41. Ke1 Ra2 42. Rb3 Ng2+ 43. Kf2 Nf4 44. Rb8+ Kg7 45. Rb7+ Kh6 46. Kg3 Nxe2+ 47. Kh4 Nd4 48. h3 Rg2 49. Rxh7+ Kxh7 1/2-1/2

[Event "Titled Tuesday intern op 25th Jun Late"]
[Site "Chess.com INT"]
[Date "2024.06.25"]
[Round "9"]
[White "Lima, Artur Tin Lun Dai"]
[Black "Janaszak, Dawid"]
[Result "0-1"]
[WhiteElo "1968"]
[BlackElo "2308"]
[PlyCount "60"]
[EventDate "2024.06.25"]
[EventType "swiss (blitz)"]
[EventRounds "11"]
[EventCountry "USA"]
[SourceTitle "EXT 2025"]
[Source "ChessBase"]
[SourceDate "2024.10.14"]
[SourceVersion "1"]
[SourceVersionDate "2024.10.14"]
[SourceQuality "1"]

1. e4 c5 2. Nc3 Nc6 3. Nf3 g6 4. Bc4 Bg7 5. 0-0 d6 6. h3 Nf6 7. d3 0-0 8. a4 Nd7 9. Bg5 h6 10. Be3 e5 11. Qd2 Kh7 12. Nd5 f5 13. Qe2 Nb6 14. Bb3 f4 15. Bd2 g5 16. Nh2 Nd4 17. Qd1 f3 18. Nxb6 axb6 19. Bd5 g4 20. g3 h5 21. c3 Ne2+ 22. Kh1 gxh3 23. Re1 Qf6 24. Be3 h4 25. g4 Bh6 26. Qd2 Bf4 27. Nxf3 Bxg4 28. Nh2 Bxh2 29. Rxe2 Qf3+ 30. Kxh2 Qg2# 0-1

[Event "BRA-ch U18"]
[Site "Aracaju"]
[Date "2024.05.23"]
[Round "4"]
[White "Lima, Artur Tin Lun Dai"]
[Black "Kim, Thiago"]
[Result "1/2-1/2"]
[WhiteElo "1968"]
[BlackElo "1989"]
[PlyCount "147"]
[EventDate "2024.05.22"]
[EventType "swiss"]
[EventRounds "6"]
[EventCountry "BRA"]
[SourceTitle "CBM 220 Extra"]
[Source "ChessBase"]
[SourceDate "2024.07.31"]
[SourceVersion "1"]
[SourceVersionDate "2024.07.31"]
[SourceQuality "1"]

1. e4 c5 2. Nf3 d6 3. d4 cxd4 4. Nxd4 Nf6 5. Nc3 a6 6. Rg1 e5 7. Nb3 Be6 8. g4 d5 9. exd5 Nxd5 10. Nxd5 Qxd5 11. Qxd5 Bxd5 12. c3 Nd7 13. Be3 Bxb3 14. axb3 Bc5 15. Bxc5 Nxc5 16. b4 Ne6 17. b5 Ke7 18. bxa6 bxa6 19. b4 a5 20. bxa5 Rhc8 21. Rg3 Nc5 22. Re3 Kd6 23. Rd1+ Ke7 24. Rxe5+ Ne6 25. a6 Rxc3 26. Rb5 Ra7 27. Rdb1 Rcc7 28. Rb6 Nc5 29. f4 Na4 30. R6b4 Nc5 31. Rb6 Na4 32. Rb8 Nc5 33. Kf2 Nxa6 34. Re1+ Kd6 35. Rd8+ Kc6 36. Rc1+ Nc5 37. Bg2+ Kb5 38. Rb1+ Ka5 39. Ra1+ Na4 40. Bf3 Rc4 41. Kg3 Rb4 42. Rh8 h6 43. Rh7 f6 44. g5 fxg5 45. fxg5 hxg5 46. Rh5 Rb5 47. Bc6 Rb3+ 48. Kg2 Rb2+ 49. Kh1 Rb4 50. Rxg5+ Kb6 51. Bxa4 Rbxa4 52. Rxa4 Rxa4 53. Rxg7 Kc6 54. Re7 Kd6 55. Re3 Ra2 56. h4 Rb2 57. Kg1 Ra2 58. Re4 Kd5 59. Re8 Kd6 60. Kh1 Kd5 61. Kg1 Kd6 62. Re4 Kd5 63. Re3 Kd6 64. Kh1 Rb2 65. h5 Rb4 66. Rh3 Ke6 67. Kg2 Kf6 68. Rf3+ Kg7 69. Kg3 Kh6 70. Rf5 Kh7 71. Rf3 Kh6 72. Rf5 Kh7 73. Rf4 Rxf4 74. Kxf4 1/2-1/2

[Event "BRA-ch U18"]
[Site "Aracaju"]
[Date "2024.05.22"]
[Round "2"]
[White "Santos, Rikelme Amorim Dos"]
[Black "Lima, Artur Tin Lun Dai"]
[Result "0-1"]
[WhiteElo "1737"]
[BlackElo "1968"]
[PlyCount "82"]
[EventDate "2024.05.22"]
[EventType "swiss"]
[EventRounds "6"]
[EventCountry "BRA"]
[SourceTitle "CBM 220 Extra"]
[Source "ChessBase"]
[SourceDate "2024.07.31"]
[SourceVersion "1"]
[SourceVersionDate "2024.07.31"]
[SourceQuality "1"]

1. e4 c5 2. c3 Nf6 3. e5 Nd5 4. d4 cxd4 5. cxd4 d6 6. Nf3 Nc6 7. Bc4 e6 8. Bxd5 exd5 9. 0-0 dxe5 10. Nxe5 Bd6 11. Nc3 0-0 12. Bf4 Be6 13. Nxc6 bxc6 14. Bxd6 Qxd6 15. Na4 Rab8 16. b3 Qf4 17. Nc5 Bg4 18. f3 Bf5 19. a3 Rfe8 20. g3 Qe3+ 21. Kg2 h5 22. Re1 Qc3 23. Rf1 Re3 24. Rf2 Rbe8 25. Raa2 h4 26. gxh4 Qa5 27. Rfe2 Qc3 28. Rf2 Bd3 29. Rad2 Bg6 30. Ra2 Qa5 31. Rfe2 Bh5 32. Rxe3 Rxe3 33. Qd2 Bxf3+ 34. Kf1 Qb5+ 35. Kg1 Re2 36. Qf4 Re1+ 37. Kf2 Qf1+ 38. Kg3 Qg1+ 39. Kh3 Re3 40. Qb8+ Kh7 41. h5 Qg4# 0-1

[Event "Titled Tuesday intern op 21st May Early"]
[Site "Chess.com INT"]
[Date "2024.05.21"]
[Round "1"]
[White "Fiorito, Francisco"]
[Black "Lima, Artur Tin Lun Dai"]
[Result "1-0"]
[WhiteElo "2407"]
[BlackElo "1968"]
[PlyCount "61"]
[EventDate "2024.05.21"]
[EventType "swiss (blitz)"]
[EventRounds "11"]
[EventCountry "USA"]
[SourceTitle "CBM 220 Extra"]
[Source "ChessBase"]
[SourceDate "2024.07.31"]
[SourceVersion "1"]
[SourceVersionDate "2024.07.31"]
[SourceQuality "1"]

1. Nf3 c5 2. g3 Nc6 3. Bg2 g6 4. 0-0 Bg7 5. c4 e5 6. d3 d6 7. Nc3 Nge7 8. Bg5 f6 9. Bd2 0-0 10. a3 a5 11. Ne1 Be6 12. Nc2 d5 13. cxd5 Nxd5 14. Nxd5 Bxd5 15. Bxd5+ Qxd5 16. Ne3 Qe6 17. Bc3 b5 18. a4 b4 19. Bd2 Nd4 20. Nc4 e4 21. Be3 Rfd8 22. Bxd4 Rxd4 23. Qc2 exd3 24. exd3 Qf5 25. Rad1 Rad8 26. Nxa5 Rxd3 27. Nc6 Rxd1 28. Ne7+ Kf7 29. Nxf5 Rxf1+ 30. Kxf1 gxf5 31. Qxc5 1-0

[Event "Titled Tuesday intern op 14th May Early"]
[Site "Chess.com INT"]
[Date "2024.05.14"]
[Round "4"]
[White "Golubev, Mikhail"]
[Black "Lima, Artur Tin Lun Dai"]
[Result "1-0"]
[WhiteElo "2461"]
[BlackElo "1968"]
[PlyCount "71"]
[EventDate "2024.05.14"]
[EventType "swiss (blitz)"]
[EventRounds "11"]
[EventCountry "USA"]
[SourceTitle "EXT 2025"]
[Source "ChessBase"]
[SourceDate "2024.10.14"]
[SourceVersion "1"]
[SourceVersionDate "2024.10.14"]
[SourceQuality "1"]

1. e4 Nf6 2. e5 Nd5 3. d4 d6 4. Nf3 dxe5 5. Nxe5 c6 6. h3 Bf5 7. Bd3 Bxd3 8. Qxd3 Nd7 9. Nf3 N7f6 10. 0-0 e6 11. c4 Nb4 12. Qe2 Be7 13. a3 Na6 14. b4 0-0 15. Nc3 Nc7 16. Bf4 a5 17. Rab1 axb4 18. axb4 Ra3 19. Rfc1 Na6 20. b5 cxb5 21. Nxb5 Ra4 22. Qc2 Qa5 23. Nd6 Bxd6 24. Bxd6 Rc8 25. Ne5 b5 26. Rxb5 Qd8 27. Qxa4 Qxd6 28. c5 Qd5 29. Qxa6 Ra8 30. Qc6 Qxc6 31. Nxc6 h5 32. Rb8+ Rxb8 33. Nxb8 Kf8 34. c6 Nd5 35. c7 Nxc7 36. Rxc7 1-0

[Event "Titled Tuesday intern op 14th May Early"]
[Site "Chess.com INT"]
[Date "2024.05.14"]
[Round "6"]
[White "Lima, Artur Tin Lun Dai"]
[Black "Barak, Gil"]
[Result "0-1"]
[WhiteElo "1968"]
[BlackElo "2152"]
[PlyCount "122"]
[EventDate "2024.05.14"]
[EventType "swiss (blitz)"]
[EventRounds "11"]
[EventCountry "USA"]
[SourceTitle "EXT 2025"]
[Source "ChessBase"]
[SourceDate "2024.10.14"]
[SourceVersion "1"]
[SourceVersionDate "2024.10.14"]
[SourceQuality "1"]

1. Nf3 d5 2. g3 Bg4 3. Bg2 e6 4. 0-0 Nf6 5. h3 Bh5 6. c4 Nbd7 7. d3 c6 8. Qb3 Qb6 9. Be3 Bc5 10. d4 Be7 11. Nc3 0-0 12. Rac1 Rfc8 13. c5 Qxb3 14. axb3 b6 15. b4 a5 16. bxa5 bxc5 17. Ra1 c4 18. g4 Bg6 19. Nh4 Bb4 20. Nxg6 hxg6 21. Ra4 Rcb8 22. Rfa1 Ne8 23. Bf4 Bd6 24. Bc1 Ra6 25. R1a2 Nc7 26. e4 Nb5 27. e5 Bc7 28. Bd2 Nxd4 29. Bf1 Nb3 30. Bf4 Bxe5 31. Bxe5 Nxe5 32. f4 Nd7 33. Bxc4 dxc4 34. Rxc4 Nbc5 35. b4 Nb7 36. Rd2 Nf6 37. g5 Nd5 38. Nxd5 exd5 39. Rc3 Nd6 40. Rc5 Rxb4 41. Re2 Ne4 42. Rc1 Rxa5 43. Kg2 Rba4 44. Rxc6 Ra2 45. Rc8+ Kh7 46. Rcc2 Rxc2 47. Rxc2 Ra3 48. Rc7 Rg3+ 49. Kh2 Rd3 50. Rxf7 d4 51. Kg2 Rg3+ 52. Kh2 d3 53. Rd7 Re3 54. Kg2 d2 55. f5 Re1 56. f6 d1Q 57. Rxg7+ Kh8 58. Rg8+ Kxg8 59. f7+ Kf8 60. h4 Qe2+ 61. Kh3 Rh1# 0-1

[Event "Titled Tuesday intern op 14th May Early"]
[Site "Chess.com INT"]
[Date "2024.05.14"]
[Round "1"]
[White "Lima, Artur Tin Lun Dai"]
[Black "Fiorito, Francisco"]
[Result "0-1"]
[WhiteElo "1968"]
[BlackElo "2411"]
[PlyCount "60"]
[EventDate "2024.05.14"]
[EventType "swiss (blitz)"]
[EventRounds "11"]
[EventCountry "USA"]
[SourceTitle "EXT 2025"]
[Source "ChessBase"]
[SourceDate "2024.10.14"]
[SourceVersion "1"]
[SourceVersionDate "2024.10.14"]
[SourceQuality "1"]

1. e4 c5 2. Nc3 Nc6 3. Bb5 Nd4 4. Nf3 g6 5. Bd3 Bg7 6. 0-0 e6 7. b3 Ne7 8. Bb2 0-0 9. Nxd4 cxd4 10. Ne2 e5 11. f4 d6 12. f5 f6 13. Bc4+ d5 14. exd5 Nxf5 15. c3 dxc3 16. Bxc3 Nd6 17. d4 e4 18. Nf4 b5 19. Be2 a5 20. a4 b4 21. Bb2 g5 22. Ne6 Bxe6 23. dxe6 f5 24. Qd2 Qe7 25. d5 Rac8 26. Bxg7 Qxg7 27. Rac1 h6 28. Ba6 Qa7+ 29. Kh1 Qxa6 30. Rxc8 Qxf1# 0-1

[Event "Titled Tuesday intern op 14th May Early"]
[Site "Chess.com INT"]
[Date "2024.05.14"]
[Round "3"]
[White "Lima, Artur Tin Lun Dai"]
[Black "Santos, Renato Andrade"]
[Result "1-0"]
[WhiteElo "1968"]
[BlackElo "2140"]
[PlyCount "71"]
[EventDate "2024.05.14"]
[EventType "swiss (blitz)"]
[EventRounds "11"]
[EventCountry "USA"]
[SourceTitle "EXT 2025"]
[Source "ChessBase"]
[SourceDate "2024.10.14"]
[SourceVersion "1"]
[SourceVersionDate "2024.10.14"]
[SourceQuality "1"]

1. d4 Nf6 2. c4 c5 3. e3 g6 4. Nf3 Bg7 5. Nc3 0-0 6. Be2 cxd4 7. exd4 d5 8. c5 b6 9. b4 a5 10. Ba3 axb4 11. Bxb4 Nc6 12. a3 Nxb4 13. axb4 Rxa1 14. Qxa1 bxc5 15. bxc5 Bg4 16. 0-0 Ne4 17. Rd1 Qb8 18. h3 Bxf3 19. Bxf3 Nxc3 20. Qxc3 e5 21. dxe5 Bxe5 22. Qd3 d4 23. g3 Qc7 24. Qc4 Rc8 25. c6 Qb6 26. Kg2 Qb2 27. Re1 Bf6 28. Bd5 Rc7 29. Re2 Qc3 30. Qb5 d3 31. Re3 d2 32. Rxc3 d1Q 33. Rf3 Be5 34. Rxf7 Rxf7 35. Bxf7+ Kxf7 36. Qxe5 1-0

[Event "Titled Tuesday intern op 30th Apr Late"]
[Site "Chess.com INT"]
[Date "2024.04.30"]
[Round "1"]
[White "Dyachuk, Artem"]
[Black "Lima, Artur Tin Lun Dai"]
[Result "1-0"]
[WhiteElo "2261"]
[BlackElo "1968"]
[PlyCount "167"]
[EventDate "2024.04.30"]
[EventType "swiss (blitz)"]
[EventRounds "11"]
[EventCountry "USA"]
[SourceTitle "EXT 2025"]
[Source "ChessBase"]
[SourceDate "2024.10.14"]
[SourceVersion "1"]
[SourceVersionDate "2024.10.14"]
[SourceQuality "1"]

1. e4 a6 2. d4 e6 3. Nf3 d5 4. Nbd2 Bd7 5. Bd3 Bb5 6. c4 dxc4 7. Nxc4 Nf6 8. 0-0 Be7 9. Re1 Nc6 10. a4 Bxc4 11. Bxc4 0-0 12. h3 Na5 13. Ba2 c5 14. d5 exd5 15. e5 Nd7 16. Qxd5 Qc7 17. e6 Nf6 18. exf7+ Kh8 19. Qf5 c4 20. Ng5 Qc5 21. Qxc5 Bxc5 22. Ne6 Bd6 23. Nxf8 Rxf8 24. Bd2 Nb3 25. Bxb3 cxb3 26. Bc3 Rxf7 27. Rad1 Bc7 28. Re6 h6 29. Bxf6 gxf6 30. Rd3 Be5 31. Rxb3 Rd7 32. g3 Rd4 33. Rxb7 Rd8 34. Rxa6 Rd1+ 35. Kg2 Rd8 36. Rba7 Rd2 37. Re7 Rd8 38. Rae6 Rd2 39. Rxe5 fxe5 40. Rxe5 Rxb2 41. a5 Kg7 42. g4 Ra2 43. Rf5 Kg6 44. Kg3 Ra3+ 45. f3 Ra1 46. h4 Ra4 47. h5+ Kg7 48. Rb5 Ra1 49. Rb7+ Kf6 50. Rb6+ Kg7 51. a6 Ra4 52. Rb7+ Kf6 53. a7 Kg5 54. Rg7+ Kf6 55. Rg6+ Kf7 56. Rxh6 Kg7 57. Rg6+ Kh7 58. Re6 Rxa7 59. g5 Ra1 60. Kg4 Ra5 61. f4 Rb5 62. h6 Ra5 63. Re7+ Kg8 64. g6 Kf8 65. Re6 Ra1 66. g7+ Kf7 67. Re5 Rg1+ 68. Kf3 Rh1 69. Re7+ Kxe7 70. g8Q Rf1+ 71. Ke2 Rh1 72. Qg7+ Ke6 73. h7 Rh2+ 74. Kf3 Rh3+ 75. Ke4 Rh1 76. h8Q Re1+ 77. Kf3 Rf1+ 78. Ke2 Rb1 79. Qe5+ Kd7 80. Qh7+ Kc6 81. Qc2+ Kb6 82. Qxb1+ Ka6 83. Qbb5+ Ka7 84. Qd4+ 1-0

[Event "Titled Tuesday intern op 30th Apr Late"]
[Site "Chess.com INT"]
[Date "2024.04.30"]
[Round "3"]
[White "Lima, Artur Tin Lun Dai"]
[Black "Coe, William R"]
[Result "1-0"]
[WhiteElo "1968"]
[BlackElo "2078"]
[PlyCount "61"]
[EventDate "2024.04.30"]
[EventType "swiss (blitz)"]
[EventRounds "11"]
[EventCountry "USA"]
[SourceTitle "EXT 2025"]
[Source "ChessBase"]
[SourceDate "2024.10.14"]
[SourceVersion "1"]
[SourceVersionDate "2024.10.14"]
[SourceQuality "1"]

1. e4 c5 2. Nf3 e6 3. b3 d5 4. exd5 exd5 5. Bb5+ Bd7 6. Bxd7+ Nxd7 7. 0-0 Be7 8. Bb2 Ngf6 9. d4 0-0 10. Nc3 b6 11. dxc5 Nxc5 12. h3 Nce4 13. Ne2 Qc7 14. Ned4 Rac8 15. Qd3 Rfe8 16. Rac1 Bd6 17. Nb5 Qb8 18. Nxd6 Qxd6 19. Nd4 Qf4 20. Rcd1 Nd7 21. Ne2 Qg5 22. Nd4 Ne5 23. Qa6 Rc7 24. f4 Qg3 25. fxe5 Rxe5 26. Nf5 Rxf5 27. Rxf5 g6 28. Rf3 Qg5 29. Qe2 Rd7 30. c4 f5 31. Rxd5 1-0

[Event "Titled Tuesday intern op 09th Apr Late"]
[Site "Chess.com INT"]
[Date "2024.04.09"]
[Round "2"]
[White "Lima, Artur Tin Lun Dai"]
[Black "Reyes Zavaleta, Fabian Ricardo"]
[Result "1/2-1/2"]
[WhiteElo "1968"]
[BlackElo "2092"]
[PlyCount "83"]
[EventDate "2024.04.09"]
[EventType "swiss (blitz)"]
[EventRounds "11"]
[EventCountry "USA"]
[SourceTitle "EXT 2025"]
[Source "ChessBase"]
[SourceDate "2024.10.14"]
[SourceVersion "1"]
[SourceVersionDate "2024.10.14"]
[SourceQuality "1"]

1. e4 c5 2. Nf3 d6 3. Bb5+ Bd7 4. a4 Nf6 5. d3 Nc6 6. 0-0 g6 7. c3 Bg7 8. Re1 0-0 9. Nbd2 a6 10. Bc4 Rb8 11. Nf1 b5 12. axb5 axb5 13. Bb3 b4 14. Ng3 Qb6 15. Bc2 Bg4 16. h3 Bxf3 17. Qxf3 Nd7 18. Bd2 bxc3 19. Bxc3 Nd4 20. Qd1 Rfc8 21. Ne2 Ne5 22. f4 Nec6 23. Ba4 c4 24. Kh2 cxd3 25. Qxd3 Nxe2 26. Rxe2 Bxc3 27. bxc3 Qc5 28. Bxc6 Rxc6 29. e5 dxe5 30. fxe5 Qxc3 31. Qxc3 Rxc3 32. Ra7 Re8 33. e6 f5 34. g4 fxg4 35. hxg4 Rc6 36. Kg3 Kg7 37. Kh4 h6 38. Re3 Kf6 39. Ra1 Kg7 40. Ra7 Rc4 41. Kg3 Rc6 42. Kh4 1/2-1/2

[Event "Titled Tuesday intern op 26th Mar Early"]
[Site "Chess.com INT"]
[Date "2024.03.26"]
[Round "2"]
[White "Ganzhurov, Roman"]
[Black "Lima, Artur Tin Lun Dai"]
[Result "1-0"]
[WhiteElo "2039"]
[BlackElo "1976"]
[PlyCount "55"]
[EventDate "2024.03.26"]
[EventType "swiss (blitz)"]
[EventRounds "11"]
[EventCountry "USA"]
[SourceTitle "EXT 2025"]
[Source "ChessBase"]
[SourceDate "2024.10.14"]
[SourceVersion "1"]
[SourceVersionDate "2024.10.14"]
[SourceQuality "1"]

1. d4 Nf6 2. c4 g6 3. Nc3 Bg7 4. e4 d6 5. h3 0-0 6. Be3 Nbd7 7. Nf3 a6 8. Be2 c5 9. 0-0 cxd4 10. Nxd4 Qc7 11. Rc1 b6 12. Nd5 Nxd5 13. cxd5 Qd8 14. Nc6 Qe8 15. Qb3 b5 16. Rfd1 Bb7 17. Na5 Bc8 18. Rc2 Ne5 19. Rdc1 Bd7 20. f4 Nc4 21. Bxc4 bxc4 22. Rxc4 e6 23. R4c2 exd5 24. Qxd5 Be6 25. Qxd6 Qa4 26. Nc6 Qxe4 27. Bd4 Bh6 28. Ne7# 1-0

[Event "Titled Tuesday intern op 20th Feb Early"]
[Site "Chess.com INT"]
[Date "2024.02.20"]
[Round "1"]
[White "Fiorito, Joaquin"]
[Black "Lima, Artur Tin Lun Dai"]
[Result "1-0"]
[WhiteElo "2409"]
[BlackElo "1960"]
[PlyCount "47"]
[EventDate "2024.02.20"]
[EventType "swiss (blitz)"]
[EventRounds "11"]
[EventCountry "USA"]
[SourceTitle "EXT 2025"]
[Source "ChessBase"]
[SourceDate "2024.10.14"]
[SourceVersion "1"]
[SourceVersionDate "2024.10.14"]
[SourceQuality "1"]

1. d4 d5 2. c4 e6 3. Nc3 c5 4. cxd5 exd5 5. Nf3 Nc6 6. dxc5 d4 7. Na4 b5 8. cxb6 axb6 9. b3 b5 10. Nb2 Bb4+ 11. Bd2 Bc3 12. Bxc3 dxc3 13. Nd3 Nge7 14. g3 0-0 15. Bg2 Bf5 16. 0-0 Qb6 17. b4 Rfc8 18. a3 Ra4 19. Nc5 Ra7 20. e4 Bg4 21. Qb3 Bxf3 22. Bxf3 Nd4 23. Qxc3 Qe6 24. Qxd4 1-0

[Event "Titled Tuesday intern op 20th Feb Early"]
[Site "Chess.com INT"]
[Date "2024.02.20"]
[Round "2"]
[White "Lima, Artur Tin Lun Dai"]
[Black "Skotheim, Andreas"]
[Result "0-1"]
[WhiteElo "1960"]
[BlackElo "2209"]
[PlyCount "82"]
[EventDate "2024.02.20"]
[EventType "swiss (blitz)"]
[EventRounds "11"]
[EventCountry "USA"]
[SourceTitle "EXT 2025"]
[Source "ChessBase"]
[SourceDate "2024.10.14"]
[SourceVersion "1"]
[SourceVersionDate "2024.10.14"]
[SourceQuality "1"]

1. e4 d5 2. Nc3 dxe4 3. Nxe4 Nd7 4. Nf3 Ngf6 5. Qe2 Nxe4 6. Qxe4 Nf6 7. Qa4+ Bd7 8. Qb3 Bc6 9. Ne5 Bd5 10. Qa4+ c6 11. d4 e6 12. c3 Bd6 13. Bg5 h6 14. Bh4 b5 15. Qc2 a5 16. f3 a4 17. Bd3 Qc7 18. Qe2 Nh5 19. Qe3 g5 20. Bg3 Nxg3 21. hxg3 0-0-0 22. f4 Bxg2 23. Rh2 Bd5 24. 0-0-0 gxf4 25. gxf4 Bxa2 26. Rdh1 Bd5 27. Rg1 a3 28. b4 a2 29. Kb2 Rdg8 30. Re1 h5 31. f5 f6 32. Ng6 Bxh2 33. Nxh8 Rxh8 34. fxe6 Re8 35. Bf5 Kb8 36. e7 Bd6 37. Qh6 Rxe7 38. Qf8+ Kb7 39. Rxe7 Qxe7 40. Qc8+ Ka7 41. Bc2 Bxb4 0-1

[Event "Titled Tuesday intern op 20th Feb Early"]
[Site "Chess.com INT"]
[Date "2024.02.20"]
[Round "3"]
[White "Liu, Aiden Q"]
[Black "Lima, Artur Tin Lun Dai"]
[Result "1-0"]
[WhiteElo "2285"]
[BlackElo "1960"]
[PlyCount "59"]
[EventDate "2024.02.20"]
[EventType "swiss (blitz)"]
[EventRounds "11"]
[EventCountry "USA"]
[SourceTitle "EXT 2025"]
[Source "ChessBase"]
[SourceDate "2024.10.14"]
[SourceVersion "1"]
[SourceVersionDate "2024.10.14"]
[SourceQuality "1"]

1. e4 c6 2. d4 d5 3. e5 Bf5 4. Nf3 e6 5. Be2 Nd7 6. 0-0 Ne7 7. Nbd2 h6 8. Nb3 Bg6 9. Bd2 Nf5 10. Rc1 Be7 11. c4 Nb6 12. Ba5 Qd7 13. c5 Nc8 14. g4 Nh4 15. Nxh4 Bxh4 16. f4 Be4 17. Bf3 Bxf3 18. Qxf3 f5 19. gxf5 exf5 20. Qh5+ Qf7 21. Qxh4 0-0 22. Kh1 Ne7 23. Rg1 Rfe8 24. Qxh6 Kf8 25. Qh8+ Ng8 26. Rc2 Re6 27. Rcg2 Rh6 28. Qxg7+ Qxg7 29. Rxg7 b6 30. Rxg8+ 1-0